000 00374pab a2200145 454500
008 180718b1998 xxu||||| |||| 00| 0 eng d
100 _aShajahan, K.M.
245 _aPriority sector bank lending: some important issues
260 _c1998
300 _ap.2749-756
362 _a17 and 24 Oct
650 _aBanks
773 _aEconomic and Political Weekly
909 _a39108
999 _c39108
_d39108